| 000 | nam a22 a 4500 | ||
|---|---|---|---|
| 999 |
_c410167 _d410167 |
||
| 003 | BLK | ||
| 005 | 20210421164516.0 | ||
| 008 | 210421b bu |||||r|||| 00| 0 bu d | ||
| 040 | _aBLK | ||
| 041 |
_aRUS _cRUS |
||
| 080 |
_aФизика _b53 _z53 |
||
| 100 |
_91299 _aДюэм, Пьер _eпърви автор |
||
| 139 |
_aДюэм, Пьер _bД 97 |
||
| 245 |
_aФизическая теория, ее цель и строение _cПьер Дюгем ; пер. с фр. Г. А. Котляра ; С предисл. Эрнста Маха к нем. изд. |
||
| 257 | _aRUS | ||
| 260 |
_aСанкт-Петербург _bОбразование _c1910 |
||
| 300 |
_a326 с. _c23 см |
||
| 380 | _a5 | ||
| 650 | 7 |
_9175234 _aФизика |
|
| 653 | 7 |
_9199275 _aфизика |
|
| 700 |
_9759 _aКотляр, Гдаль Абрамович _eпер. |
||
| 700 |
_9440739 _aМах, Эрнест _eавт. предисл. |
||
| 852 |
_aЦб 5.230.8487 _bО |
||
| 942 |
_cKNG _n0 _s1 |
||
| 944 |
_aCR _c2021-04-21 _kВП |
||